Christianity and the religions of the world / (Record no. 31172)
[ view plain ]
| 000 -LEADER | |
|---|---|
| fixed length control field | 00788nam a2200253 4500 |
| 001 - CONTROL NUMBER | |
| control field | 31172 |
| 003 - CONTROL NUMBER IDENTIFIER | |
| rucl marc code | BD-RjUL |
| 005 - DATE AND TIME OF LATEST TRANSACTION | |
| control field | 20211209051652.0 |
| 008 - FIXED-LENGTH DATA ELEMENTS--GENERAL INFORMATION | |
| fixed length control field | 810918s1923 enk 000 0 eng d |
| 035 ## - SYSTEM CONTROL NUMBER | |
| System control number | (BD-RjUL)31259 |
| 040 ## - CATALOGING SOURCE | |
| Original cataloging agency | DLC |
| Transcribing agency | CarP |
| Modifying agency | DLC |
| Language of cataloging | eng |
| 041 ## - LANGUAGE CODE | |
| Language code of text/sound track or separate title | eng |
| 082 ## - DEWEY DECIMAL CLASSIFICATION NUMBER | |
| Classification number | 290.84 |
| Author mark and year | SCC 1960 |
| 100 1# - MAIN ENTRY--PERSONAL NAME | |
| Personal name | Schweitzer, Albert, |
| Dates associated with a name | 1875-1965. |
| 9 (RLIN) | 53509 |
| 245 10 - TITLE STATEMENT | |
| Title | Christianity and the religions of the world / |
| Statement of responsibility, etc. | Albert Schweitzer |
| 260 ## - PUBLICATION, DISTRIBUTION, ETC. (IMPRINT) | |
| Place of publication, distribution, etc. | London : |
| Name of publisher, distributor, etc. | George Allen & Unwin Ltd., |
| Date of publication, distribution, etc. | c1923 [6th imp.1960] |
| 300 ## - PHYSICAL DESCRIPTION | |
| Pagination | xv p., 1 l., 19-93 p. |
| Size | 20 cm. |
| 650 #0 - SUBJECT ADDED ENTRY--TOPICAL TERM | |
| Topical term or geographic name as entry element | Christianity and other religions. |
| 9 (RLIN) | 94801 |
| 700 1# - ADDED ENTRY--PERSONAL NAME | |
| Personal name | Powers, Johanna, |
| Relator term | tr. |
| 942 ## - ADDED ENTRY ELEMENTS (KOHA) | |
| Source of classification or shelving scheme | Dewey Decimal Classification |
| Koha item type | Books |
| Lost status | Source of classification or shelving scheme | Damaged status | Not for loan | Collection code | Permanent Location | Current Location | Shelving location | Date acquired | Source of acquisition | Cost, normal purchase price | Total Checkouts | Full call number | Date last seen | Copy number | Koha item type |
|---|---|---|---|---|---|---|---|---|---|---|---|---|---|---|---|
| Dewey Decimal Classification | Not For Loan | Non-fiction | Central Library, University of Rajshahi | Central Library, University of Rajshahi | Reading Room | 09/05/1968 | Zeitlinger | 7.60 | 290.84 SCC 1960 | 13/04/2014 | C-1 | Books |